000 00652nam a2200265Ia 4500
005 20260121165702.0
008 008 260114s9999 xx 000 0 eng d
020 _a9783319336992
037 _aEBOOK
040 _aCRL
040 _beng
040 _cCRL
041 _2eng
041 _aeng
084 _qCRL
100 _aFrancesco Collamati
_91054786
245 3 _aAn Intraoperative Beta-Probe for Cancer Surgery
260 _bSpringer
260 _bSpringer
260 _c2016
856 _uhttps://link.springer.com/openurl?genre=book&isbn=978-3-319-33699-2
942 _cEBOOK
999 _c1620513
_d1620513